|
|
|
|
| LEADER |
00000nam0a2200000 4500 |
| 001 |
64057 |
| 005 |
20231031065318.0 |
| 010 |
|
|
|a 5060027384
|
| 035 |
|
|
|a (RuTPU)RU\TPU\book\67967
|
| 090 |
|
|
|a 64057
|
| 100 |
|
|
|a 20040525d1994 m y0rusy50 ca
|
| 101 |
0 |
|
|a rus
|
| 102 |
|
|
|a RU
|
| 105 |
|
|
|a y j 001zy
|
| 200 |
1 |
|
|a Элементы алгебраической теории автоматов
|e учебное пособие
|f Б. И. Плоткин, Л. Я. Гринглаз, А. А. Гварамия
|
| 210 |
|
|
|a Москва
|c Высшая школа
|d 1994
|
| 215 |
|
|
|a 190 с.
|
| 320 |
|
|
|a Библиогр.: с. 180-183
|
| 320 |
|
|
|a Предметный указатель: с. 185-188
|
| 610 |
1 |
|
|a теория автоматов
|
| 610 |
1 |
|
|a множества
|
| 610 |
1 |
|
|a чистые автоматы
|
| 610 |
1 |
|
|a универсальные автоматы
|
| 610 |
1 |
|
|a автоматы Мура
|
| 610 |
1 |
|
|a обобщения
|
| 610 |
1 |
|
|a конструкции
|
| 610 |
1 |
|
|a многообразия
|
| 610 |
1 |
|
|a тождества
|
| 675 |
|
|
|a 519.713(075.8)
|v 3
|
| 700 |
|
1 |
|a Плоткин
|b Б. И.
|g Борис Исаакович
|
| 701 |
|
1 |
|a Гринглаз
|b Л. Я.
|g Леонид Яковлевич
|
| 701 |
|
1 |
|a Гварамия
|b А. А.
|g Алеко Алексеевич
|
| 801 |
|
1 |
|a RU
|b 63413507
|c 20040525
|g PSBO
|
| 801 |
|
2 |
|a RU
|b 63413507
|c 20201204
|g RCR
|
| 942 |
|
|
|c BK
|